Category Elimination - Famous U.S. Cities - Statistics

General Stats
  • This quiz has been taken 1,043 times
  • The average score is 17 of 20
Answer Stats
Category of elimination Answer % Correct
Is a city is in a large metropolitan area... ✔️
99%
Has a top-ten most passengers airport... ✔️
98%
Is known for it’s Chinatown district... ✔️
96%
Is home to multiple suspension bridges including one very famous one... ✔️
96%
Has one of the United State’s tallest building... ✔️
95%
Has a baseball stadium that is a national landmark... ✔️
95%
Is on the east coast... ✔️
90%
Often hit by hurricanes... ✔️
89%
Is has or is near many famous universities... ✔️
88%
Was established before 1800... ✔️
88%
Is a nightlife city... ✔️
87%
Has or is had 2 or more than 2 MLB teams in the last 20 years... ✔️
86%
Has a famous aquarium... ✔️
79%
Is known to have the highest homeless rate per capita... San Francisco
75%
Is not on a river... ✔️
74%
Opened the first subway system... Boston
74%
A festive holiday that starts in an m is celebrated here and nearby cities in the U.S... ✔️
71%
It is not a very large city but almost everyone has heard about it... ✔️
71%
Is the Jazz capital of the world... New Orleans
71%
The world’s first skyscraper was built here... Chicago
68%
No matching quizzes found
Score Distribution
Percent of People with Each Score
Percentile by Number Answered
Your Score History
You have not taken this quiz